Guess all the actors nominated for best actor at the Oscars(2010-2020) - Statistics

General Stats
  • This quiz has been taken 42 times
  • The average score is 37 of 55
Answer Stats
Year Movies Actors % Correct
The Wolf of Wall Street Leonardo DiCaprio
95%
2016 The Revenant Leonardo DiCaprio
95%
Once Upon a Time… in Hollywood Leonardo DiCaprio
95%
La La Land Ryan Gosling
95%
Silver Linings Playbook Bradley Cooper
92%
American Sniper Bradley Cooper
92%
A Star is Born Bradley Cooper
92%
The Master Joaquin Phoenix
89%
2020 Joker Joaquin Phoenix
89%
2012 The Artist Jean Dujardin
82%
The Martian Matt Damon
82%
2019 Bohemian Rhapsody Rami Malek
82%
Moneyball Brad Pitt
79%
Flight Denzel Washington
79%
Fences Denzel Washington
79%
Roman J. Israel, Esq. Denzel Washington
79%
2014 Dallas Buyers Club Matthew McConaughey
79%
The social Network Jesse Eisenberg
76%
Call me by Your Name Timothée Chalamet
76%
Marriage Story Adam Driver
74%
2013 Lincoln Daniel Day-Lewis
74%
Phantom Thread Daniel Day-Lewis
74%
2017 Manchester by the Sea Casey Affleck
71%
A Single Man Colin Firth
71%
2011 The King's Speech Colin Firth
71%
Birdman Michael Keaton
71%
Invictus Morgan Freeman
71%
Up in the Air George Clooney
68%
The Descendants George Clooney
68%
The Imitation Game Benedict Cumberbatch
66%
Tinker Tailor Soldier Spy Gary Oldman
66%
2018 Darkest Hour Gary Oldman
66%
Captain Fantastic Viggo Mortensen
66%
Green Book Viggo Mortensen
66%
Les Misérables Hugh Jackman
63%
American Hustle Christian Bale
61%
Vice Christian Bale
61%
2015 The Theory of Everything Eddie Redmayne
61%
Danish Girl Eddie Redmayne
61%
Hacksaw Ridge Andrew Garfield
58%
Get Out Daniel Kaluuya
58%
127 Hours James Franco
58%
2010 Crazy Heart Jeff Bridges
55%
True Grit Jeff Bridges
55%
Steve Jobs Michael Fassbender
55%
The Hurt Locker Jeremy Renner
53%
Foxcatcher Steve Carell
53%
Dalton Trumbo Bryan Cranston
45%
Twelve Years a Slave Chiwetel Ejiofor
45%
Biutiful Javier Bardem
42%
Dolor y gloria Antonio Banderas
39%
The Two Popes Jonathan Pryce
34%
At Eternity's Gate Willem Dafoe
34%
Nebraska Bruce Dern
29%
A Better Life Demián Bichir
11%
No matching quizzes found
Score Distribution
Percent of People with Each Score
Percentile by Number Answered
Your Score History
You have not taken this quiz